000 00725nam a22001457a 4500
999 _c525269
_d525269
008 240220b ||||| |||| 00| 0 eng d
100 _aGupta, Abhinav
_943559
245 _aKurz, Mordecai. The market power of technology: Understanding the second gilded age
260 _aJournal of Economic Literature
300 _a61(3), Sep, 2023: p.1198-1199
520 _aGupta, Abhinav. 2023. "Kurz, Mordecai. The Market Power of Technology: Understanding the Second Gilded Age." Journal of Economic Literature, 61 (3): 1198-99.DOI: 10.1257/jel.61.3.1188.r3. – Reproduced https://www.aeaweb.org/articles?id=10.1257/jel.61.3.1188.r3
773 _aJournal of Economic Literature
906 _aBOOK REVIEW
942 _cAR